000 01205pam a2200349 a 4500
001 4018636
003 OSt
005 20260319143658.0
008 971103s1998 tnub b 000 0 eng
010 _a 97045160
020 _a1558196935
020 _a9781558196933
035 _a4018636
040 _aDLC
_cDLC
_dDLC
050 0 0 _aBS2615.5
_b.G68 1998
082 0 0 _a226.5/07
_221
100 1 _aGould, Dana,
_d1951-
245 1 0 _aJohn /
_cDana Gould, editor [i.e. author].
260 _aNashville, Tenn. :
_bBroadman & Holman,
_c1998.
300 _aix, 98 p. :
_b1 map ;
_c22 cm.
336 _atext
_btxt
_2rdacontent
337 _aunmediated
_bn
_2rdamedia
338 _avolume
_bnc
_2rdacarrier
440 0 _aShepherd's notes
504 _aIncludes bibliographical references (p. 97-98).
630 0 0 _aBible.
_pJohn
_xStudy and teaching.
856 4 2 _3Publisher description
_uhttp://www.loc.gov/catdir/enhancements/fy1003/97045160-d.html
906 _a7
_bcbc
_corignew
_d1
_eocip
_f19
_gy-gencatlg
942 _2lcc
_cBK
999 _c21577
_d21576